Регионална библиотека "Любен Каравелов" - Русе

Нова Зеландия - отблизо и далеч (Запис номер 71838)

MARC детайли
000 -Лидер
Контролно поле с фиксирана дължина 01637nam a2200337 c 4500
003 - Код на организацията, давaща контролен номер
Контролно поле BLK
005 - Дата и час на последна редакция
Контролно поле 20180422103240.0
008 - Елементи от данни с фиксирана дължина
fixed length control field 180408b bul|||||r ||||||| ||bul||
010 ## - Наследен системен номер
LC control number KNG00076210000
020 ## - Международен стандартен номер на книга ISBN
Международен стандартен номер на книга ISBN 954-9653-05-6
-- издат.: Страшен вълк
040 ## - Източник на каталожния запис
Идентификатор на билиотеката - собственик на записа BLK
041 ## - Код за език
Код за езика на текст/звукозапис или на отделно заглавие Български
Код за езика КДБФ Български
080 ## - УДК
Текстов определител УДК Българска литература
УДК код - определител по УДК 821.163.2
УДК определител -992
УДК - код + определител 821.163.2-992
080 ## - УДК
Текстов определител УДК Социография. Социално положение. Условия на политическия и социалния живот. Социално и социално-икономическо положение на отделните страни, народи, раси. Социална география. (Общи въпроси)
УДК код - определител по УДК 308
УДК определител (931)(0:82-992)
УДК - код + определител 308(931)(0:82-992)
100 1# - Редна дума - Автор
Автор Атанасов, Александър Стефанов
Авторска отговорност първи автор
R(LIN) 370070
139 ## - Редно поле
Редна дума Атанасов, Александър Стефанов
Авторски знак Ат - А 93
245 10 - Сведения за заглавието
Заглавие Нова Зеландия - отблизо и далеч
Редно поле (дума) Александър Стефанов Атанасов.
257 ## - Страна на издаване
Страна на създаване/издаване България
260 ## - Област на издателските данни
-- София
Име на издателя, разпространителя и проч. Страшен вълк
Година на издаване 2006
Печатница София : Илинда 2000
300 ## - Физическа характеристика
Страници 136 с.
Илюстрации и др. с ил., 32 с. : цв. ил.
Размери/Мащаб 21 см
380 ## - Жанр
Жанр Худож. лит.
500 ## - Общи забележки
Забележка Офс. изд.
650 #4 - Допълнително описание по предмет – тема
Основно описание – тема или топоним Нова Зеландия - пътеписи
9 (RLIN) 295605
651 #4 - Допълнително описание по предмет - топоним
Географско понятие Нова Зеландия
9 (RLIN) 292553
653 ## - Ключова дума – ненормативна
Ключова дума пътеписи
852 ## - Местоположение
Форматна сигнатура Цб 234751
856 4# - Електронен адрес и достъп
Електронен формат pdf - файл
Път до файла /url/
856 4# - Електронен адрес и достъп
Електронен формат pdf - файл
Път до файла /url/
942 ## - АРТИКУЛИ
Вид на библиотечния материал Книги
Скрит в OPAC Не
944 ## - СЪЗДАВАНЕ И РЕДАКЦИЯ на ЗАПИСА
Създаване/Редакция Създаване
Дата на регистрацията/редакция 03.07.2007
Статус, дата на статуса ф /
Служител, извършил регистрацията/редакцията Людмила_Стоянова
944 ## - СЪЗДАВАНЕ И РЕДАКЦИЯ на ЗАПИСА
Създаване/Редакция Редакция
Дата на регистрацията/редакция 11.01.2012
Статус, дата на статуса ф /
Служител, извършил регистрацията/редакцията
999 ## - СИСТЕМНИ КОНТРОЛНИ НОМЕРА
Koha biblionumber 71838
Koha biblioitemnumber 71838
Наличности
Код за отписване Код за изгубен артикул Код за повреда Коз за рестрикции Код за отдаване Артикулен № Име на библиотеката - собственик Име на библиотеката, в която се намира в момента Статус (Текущо местоположение) Дата на вписване в системата Местоположение - отдел Цена в лева Инвентарен номер Систематично азбучна сигнатура Баркод Номер на екземпляра Цена в евро Служебна бележка Служебен тип на артикула
  Не е изгубен Не е повреден без рестрикции ползва се в читалня 117203 Регионална библиотека "Любен Каравелов" Русе Регионална библиотека "Любен Каравелов" Русе Хранилище 2007-07-04 Хранилище 0.00 120000715284 Цб 234751 120000715284 1 0.00 Дост: Dp Вид: Д N: 7 Дата: 26.01.2007 Книги
  Не е изгубен Не е повреден без рестрикции заемане за дома 117204 Регионална библиотека "Любен Каравелов" Русе Регионална библиотека "Любен Каравелов" Русе Заемна - подръчен фонд 2011-12-16 Заемна - подръчен фонд 12.00 120000755731 П 886.7-9/А 93 120000755731 2 6.14 Дост: Pk Вид: Ф N: 251 Дата: 15.12.2011 Дата инв: 14.02.2018 Бележки инв: П2018 Книги
Vip Innovations Ltd, Rousse, Bulgaria 2025